Missing Word: In Memoriam 2017 Music Quiz Stats

 Plays Quiz Updated Feb 8, 2018

Score 0/30 Timer 03:00
0 Plays Today
Hint Answer % Correct
Malcolm Young
AC\DC
Hell
90.9%
Chuck BerryJohnny
86.9%
Tom PettyFree
83.4%
David Cassidy
The Partridge Family & solo
Meet
83.4%
Malcolm Young
AC\DC
Black
82.1%
Glen CampbellCowboy
80.2%
Fats DominoThat
78.5%
Tom PettyBack
76.8%
Gord Downie
The Tragically Hip
New
75.5%
Glen CampbellGet
75.3%
Malcolm Young
AC\DC
Shook
74.4%
Fats DominoHill
73.8%
Chuck BerryRoll
72.2%
Gregg Allman
The Gregg Allman Band
Bear
69.8%
David Cassidy
The Partridge Family & solo
Think
64.1%
Hint Answer % Correct
Tom PettyMary
60.9%
Chris Cornell
Soundgarden, Audioslave, etc.
Sun
60.5%
Glen CampbellTry
46.4%
Fats DominoLovin'
43.6%
Chuck BerryLittle
43.3%
Gregg Allman
The Gregg Allman Band
Mess
43%
Chester Bennington
Linkin Park
End
38.4%
Chester Bennington
Linkin Park
One
32.6%
Gregg Allman
The Gregg Allman Band
Rider
22.9%
Chester Bennington
Linkin Park
From
22.4%
David Cassidy
The Partridge Family & solo
Sure
20.7%
Chris Cornell
Soundgarden, Audioslave, etc.
Days
19%
Chris Cornell
Soundgarden, Audioslave, etc.
Highway
14.2%
Gord Downie
The Tragically Hip
Ahead
7.3%
Gord Downie
The Tragically Hip
Completely
5.4%

Today's Daily Dose

Quick Pick
'M' Cities

Get the Picture
'South' Countries

You're not logged in!

Compare scores with friends on all Sporcle quizzes.
OR
Log In

Sporcle TV

Today on Sporcle TV


Watch our educational content, quiz creation guides, and fun videos on Sporcle TV.

Show Comments

Extras

Top Quizzes Today


Score Distribution

Your Account Isn't Verified!

In order to create a playlist on Sporcle, you need to verify the email address you used during registration. Go to your Sporcle Settings to finish the process.

Report this User

Report this user for behavior that violates our Community Guidelines.

Details: